[Event "Aeroflot Open 2016"]
[Site "Moscu RUS"]
[Date "2016.03.08"]
[Round "8.38"]
[White "Gasanov, Eldar"]
[Black "Maiorov, Nikita"]
[Result "1/2-1/2"]
[WhiteElo "2503"]
[BlackElo "2558"]
[PlyCount "33"]
[EventDate "2016.03.01"]
[EventType "swiss"]
[EventRounds "9"]
[EventCountry "RUS"]
[Source "lmi"]
[SourceDate "2016.03.01"]

1. d4 Nf6 2. c4 e6 3. Nf3 b6 4. Nc3 Bb7 5. Bg5 Bb4 6. Nd2 h6 7. Bh4 c5 8. a3
Bxc3 9. bxc3 d6 10. e3 Qe7 11. f3 g5 12. Bf2 Nc6 13. a4 Nd7 14. d5 Na5 15. Nb3
Nxb3 16. Qxb3 a5 17. Be2 1/2-1/2

[Event "Aeroflot Open 2016"]
[Site "Moscu RUS"]
[Date "2016.03.08"]
[Round "8.39"]
[White "Swayams, Mishra"]
[Black "Pichot, Alan"]
[Result "0-1"]
[WhiteElo "2470"]
[BlackElo "2542"]
[PlyCount "134"]
[EventDate "2016.03.01"]
[EventType "swiss"]
[EventRounds "9"]
[EventCountry "RUS"]
[Source "lmi"]
[SourceDate "2016.03.01"]

1. d4 Nf6 2. c4 g6 3. Nc3 Bg7 4. e4 d6 5. Nf3 O-O 6. Be2 e5 7. O-O Nc6 8. d5
Ne7 9. Ne1 Nd7 10. Be3 f5 11. f3 f4 12. Bf2 g5 13. a4 Rf6 14. a5 Rh6 15. Nd3
Nf6 16. Be1 Rg6 17. Nf2 h5 18. h3 g4 19. fxg4 hxg4 20. hxg4 Kh8 21. Kh2 Neg8
22. Rh1 Nh6 23. Kg1 Kg8 24. Rh4 Bd7 25. c5 dxc5 26. d6 Be6 27. Nb5 Ne8 28. Rxh6
Bxh6 29. dxc7 Qe7 30. a6 b6 31. Nxa7 Rxa7 32. Qd8 Rxc7 33. Qxe7 Rxe7 34. a7 Nc7
35. a8=Q+ Nxa8 36. Rxa8+ Kh7 37. Bc3 Bd7 38. Ra7 Bg5 39. Bxe5 Rxe5 40. Rxd7+
Re7 41. Rxe7+ Bxe7 42. e5 Kh6 43. Bb5 Rg5 44. e6 Rd5 45. b3 Kg5 46. Kf1 Re5 47.
Bc4 Bf6 48. Be2 Kh6 49. Nh3 Bg5 50. Bc4 Bh4 51. g3 Bxg3 52. Kg2 Re3 53. Bd5 b5
54. Ng1 Kg5 55. Bc6 c4 56. bxc4 bxc4 57. Nf3+ Kf6 58. Bd7 c3 59. g5+ Kg6 60.
Be8+ Kg7 61. Nd4 c2 62. Nxc2 Re2+ 63. Kh3 Rxc2 64. Bb5 Rc8 65. Kg4 Kf8 66. g6
Ke7 67. Bd3 Kf6 0-1

[Event "Aeroflot Open 2016"]
[Site "Moscu RUS"]
[Date "2016.03.08"]
[Round "8.40"]
[White "Korchmar, Vasiliy"]
[Black "Karavade, Eesha"]
[Result "0-1"]
[WhiteElo "2450"]
[BlackElo "2395"]
[PlyCount "70"]
[EventDate "2016.03.01"]
[EventType "swiss"]
[EventRounds "9"]
[EventCountry "RUS"]
[Source "lmi"]
[SourceDate "2016.03.01"]

1. d4 Nf6 2. c4 e6 3. g3 d5 4. Nf3 dxc4 5. Bg2 Bd7 6. Ne5 Bc6 7. Nxc6 Nxc6 8.
O-O Qd7 9. e3 O-O-O 10. Nd2 e5 11. Nxc4 exd4 12. exd4 Qe6 13. Qa4 Rxd4 14. b3
Ne4 15. Bb2 Nc5 16. Qxc6 bxc6 17. Bxd4 Ne4 18. Rfe1 f5 19. g4 Qd7 20. Rad1 Bb4
21. Bc3 Qxd1 22. Rxd1 Nxc3 23. Ra1 fxg4 24. Bxc6 Rf8 25. Kg2 Rf6 26. Ne5 Bc5
27. Bd7+ Kd8 28. Bxg4 Rxf2+ 29. Kh3 Bd6 30. Re1 c5 31. a4 Kc7 32. Re3 h5 33.
Bxh5 Nd5 34. Ng4 Rf5 35. Bg6 Nxe3 0-1

[Event "Aeroflot Open 2016"]
[Site "Moscu RUS"]
[Date "2016.03.08"]
[Round "8.41"]
[White "Sivuk, Vitaly"]
[Black "Sarana, Alexey"]
[Result "1-0"]
[WhiteElo "2554"]
[BlackElo "2433"]
[PlyCount "85"]
[EventDate "2016.03.01"]
[EventType "swiss"]
[EventRounds "9"]
[EventCountry "RUS"]
[Source "lmi"]
[SourceDate "2016.03.01"]

1. d4 Nf6 2. Nf3 g6 3. Bf4 Bg7 4. e3 O-O 5. Be2 c5 6. c3 d6 7. dxc5 dxc5 8.
Qxd8 Rxd8 9. h3 Nc6 10. Bc7 Rd7 11. Bh2 Rd8 12. Nbd2 Bf5 13. a4 Ne8 14. e4 Be6
15. Bc4 Bxc4 16. Nxc4 f6 17. Nfd2 e5 18. f3 Kf7 19. Ke2 Ke6 20. Bg1 Bf8 21. Bf2
Nc7 22. h4 b6 23. h5 g5 24. Ne3 a6 25. Ndc4 Rab8 26. Rhd1 b5 27. Rxd8 Nxd8 28.
Na5 c4 29. Nf5 bxa4 30. Nxc4 a3 31. b4 Nb5 32. Be1 Nc6 33. Nxa3 Nxa3 34. Rxa3
a5 35. Kf2 axb4 36. cxb4 Bxb4 37. Bxb4 Rxb4 38. Ra6 Rc4 39. Kg3 Rc3 40. Rb6 Rc2
41. Rb7 h6 42. Rc7 g4 43. Ne3 1-0

[Event "Aeroflot Open 2016"]
[Site "Moscu RUS"]
[Date "2016.03.09"]
[Round "9.3"]
[White "Zvjaginsev, Vadim"]
[Black "Matlakov, Maxim"]
[Result "1/2-1/2"]
[WhiteElo "2662"]
[BlackElo "2682"]
[PlyCount "40"]
[EventDate "2016.03.01"]
[EventType "swiss"]
[EventRounds "9"]
[EventCountry "RUS"]
[Source "lmi"]
[SourceDate "2016.03.01"]

1. e4 e5 2. Nf3 Nc6 3. g3 Nf6 4. d3 Bc5 5. Bg2 d5 6. exd5 Nxd5 7. O-O O-O 8. c3
Bg4 9. h3 Bh5 10. Nbd2 a6 11. Re1 f6 12. b4 Ba7 13. Bb2 Bf7 14. a3 Qd7 15. Ne4
Rad8 16. Qc2 Be6 17. Kh2 Qf7 18. Kg1 h6 19. h4 Rd7 20. d4 exd4 1/2-1/2

[Event "Aeroflot Open 2016"]
[Site "Moscu RUS"]
[Date "2016.03.09"]
[Round "9.5"]
[White "Rakhmanov, Aleksandr"]
[Black "Bartel, Mateusz"]
[Result "1/2-1/2"]
[WhiteElo "2650"]
[BlackElo "2625"]
[PlyCount "71"]
[EventDate "2016.03.01"]
[EventType "swiss"]
[EventRounds "9"]
[EventCountry "RUS"]
[Source "lmi"]
[SourceDate "2016.03.01"]

1. d4 Nf6 2. c4 e6 3. Nc3 Bb4 4. e3 O-O 5. Bd3 d5 6. Nge2 dxc4 7. Bxc4 c5 8.
O-O Nc6 9. a3 Bxc3 10. bxc3 Qc7 11. Bb2 Rd8 12. Ba2 b6 13. Ng3 Ba6 14. Re1 Na5
15. e4 Bc4 16. Bxc4 Nxc4 17. Bc1 b5 18. Bg5 cxd4 19. cxd4 Qb6 20. Bxf6 gxf6 21.
Qg4+ Kh8 22. Nh5 Rg8 23. Qh4 Qxd4 24. Rad1 Qc3 25. Nxf6 Rg7 26. Kh1 Rf8 27. h3
Ne5 28. Qh6 Qxa3 29. Re3 Qe7 30. Rg3 Ng6 31. e5 Rd8 32. Rxd8+ Qxd8 33. Nh5 Rg8
34. Nf6 Rg7 35. Nh5 Rg8 36. Nf6 1/2-1/2

[Event "Aeroflot Open 2016"]
[Site "Moscu RUS"]
[Date "2016.03.09"]
[Round "9.8"]
[White "Salem, A.R. Saleh"]
[Black "Sjugirov, Sanan"]
[Result "0-1"]
[WhiteElo "2615"]
[BlackElo "2667"]
[PlyCount "80"]
[EventDate "2016.03.01"]
[EventType "swiss"]
[EventRounds "9"]
[EventCountry "RUS"]
[Source "lmi"]
[SourceDate "2016.03.01"]

1. e4 c5 2. Nf3 d6 3. d4 cxd4 4. Nxd4 Nf6 5. Nc3 a6 6. Be3 Ng4 7. Bc1 Nf6 8. f3
e5 9. Nb3 Be6 10. Be3 Be7 11. Qd2 O-O 12. O-O-O Nbd7 13. g4 b5 14. Rg1 Nb6 15.
Na5 Rc8 16. g5 Nh5 17. Kb1 g6 18. h4 Qc7 19. Nd5 Nxd5 20. exd5 Bxd5 21. Qxd5
Qxa5 22. Bd3 Qc7 23. Rg4 Qd7 24. a4 Nf4 25. Bxf4 Rc5 26. Qa2 exf4 27. Rxf4 d5
28. Rd4 Qh3 29. axb5 axb5 30. b4 Rcc8 31. Qxd5 Rfd8 32. Qe4 Rxd4 33. Qxd4 Qxf3
34. Rf1 Qc6 35. Be4 Qc7 36. Rf3 Bf8 37. c4 Bg7 38. Qc5 Qd7 39. Qd5 Qe8 40. c5
Rd8 0-1

[Event "Aeroflot Open 2016"]
[Site "Moscu RUS"]
[Date "2016.03.09"]
[Round "9.9"]
[White "Eliseev, Urii"]
[Black "Fedoseev, Vladimir"]
[Result "0-1"]
[WhiteElo "2601"]
[BlackElo "2664"]
[PlyCount "126"]
[EventDate "2016.03.01"]
[EventType "swiss"]
[EventRounds "9"]
[EventCountry "RUS"]
[Source "lmi"]
[SourceDate "2016.03.01"]

1. e4 e6 2. d4 d5 3. Nc3 Bb4 4. e5 Qd7 5. a3 Bxc3+ 6. bxc3 b6 7. Qg4 f5 8. Qg3
Ba6 9. Bxa6 Nxa6 10. Ne2 Kf7 11. h4 Ne7 12. Bg5 c5 13. h5 Rhc8 14. h6 g6 15.
Rc1 cxd4 16. cxd4 Rc4 17. Bd2 Nc6 18. c3 Rf8 19. Ra1 Ke8 20. Bg5 Qf7 21. Bf6
Kd7 22. Nf4 Rc8 23. Qf3 Nc7 24. a4 b5 25. Nd3 b4 26. Nc5+ Ke8 27. Nb7 Qg8 28.
Nd6+ Kd7 29. Nxc4 dxc4 30. Qe2 Nd5 31. Qxc4 bxc3 32. O-O Rc7 33. Rab1 Qc8 34.
Rb5 Ncb4 35. Qb3 Rc4 36. a5 c2 37. Bg5 f4 38. Rc1 Rxd4 39. Qa4 Qc6 40. Rb7+ Nc7
41. Qxb4 Rxb4 42. Rxb4 Qd5 43. Bxf4 Na6 44. Rb2 Qd1+ 45. Kh2 Qd4 46. Rcxc2
Qxf4+ 47. g3 Qe4 48. Re2 Qa8 49. Red2+ Ke7 50. Rdc2 g5 51. Rc4 Kf7 52. Rd2 Qb7
53. Rd6 Qb2 54. Kg1 Qa1+ 55. Kg2 Qxe5 56. Rd7+ Kg6 57. Rc8 Nc5 58. Rxa7 Qe4+
59. Kf1 Nd3 60. Rf8 Qh1+ 61. Ke2 Nc1+ 62. Kd2 Qd5+ 63. Ke1 Qe4+ 0-1

[Event "Aeroflot Open 2016"]
[Site "Moscu RUS"]
[Date "2016.03.09"]
[Round "9.11"]
[White "Bocharov, Dmitry"]
[Black "Inarkiev, Ernesto"]
[Result "0-1"]
[WhiteElo "2595"]
[BlackElo "2677"]
[PlyCount "183"]
[EventDate "2016.03.01"]
[EventType "swiss"]
[EventRounds "9"]
[EventCountry "RUS"]
[Source "lmi"]
[SourceDate "2016.03.01"]

1. c4 c5 2. Nf3 Nc6 3. d4 cxd4 4. Nxd4 Nf6 5. Nc3 e6 6. a3 Bc5 7. Nb3 Bb6 8.
Bf4 d5 9. c5 Bc7 10. Bxc7 Qxc7 11. Nb5 Qe5 12. Nd6+ Ke7 13. Qc1 d4 14. e4 Nxe4
15. f4 Qd5 16. Bc4 Nxc5 17. Bxd5 Nd3+ 18. Kd2 Nxc1 19. Raxc1 Kxd6 20. Bxc6 bxc6
21. Nxd4 Bd7 22. Ke3 Rhc8 23. Rhd1 Ke7 24. Rc5 a5 25. b3 Ra6 26. g3 Rb8 27. Rd3
h6 28. a4 f6 29. h4 Be8 30. Nf3 Bg6 31. Rdc3 Kd6 32. h5 Bh7 33. Nd2 Rb4 34.
R5c4 Rxc4 35. Nxc4+ Kc5 36. Rc1 Kb4 37. Nd2 e5 38. fxe5 fxe5 39. Rc4+ Ka3 40.
Rc5 Bg8 41. Rxe5 Bxb3 42. Nxb3 Kxb3 43. Re7 Kxa4 44. Rxg7 Kb3 45. Kd2 Rb6 46.
g4 a4 47. Kc1 a3 48. Kb1 Rb4 49. g5 hxg5 50. Rxg5 Rh4 51. Rg3+ Kb4 52. Rg6 Rh1+
53. Ka2 Rh2+ 54. Kb1 c5 55. Rb6+ Ka5 56. Rh6 c4 57. Rc6 Kb5 58. Rc8 Kb4 59.
Rb8+ Kc3 60. Ra8 a2+ 61. Ka1 Kd3 62. Rd8+ Kc2 63. Rg8 Kb3 64. Rb8+ Kc3 65. Rg8
Kd3 66. Rd8+ Ke3 67. Re8+ Kd4 68. Rd8+ Kc5 69. Rc8+ Kb4 70. Rb8+ Ka3 71. Ra8+
Kb3 72. Rb8+ Kc3 73. Rg8 Kd3 74. Rd8+ Kc2 75. Rg8 Rxh5 76. Rg2+ Kb3 77. Rb2+
Kc3 78. Kxa2 Rd5 79. Rb8 Kc2 80. Rb2+ Kc1 81. Rb1+ Kc2 82. Rb2+ Kc3 83. Rb8
Rd2+ 84. Kb1 Rd1+ 85. Ka2 Kc2 86. Rb2+ Kd3 87. Rb8 c3 88. Rd8+ Ke2 89. Re8+ Kd2
90. Rd8+ Kc1 91. Rh8 c2 92. Rh2 0-1

[Event "Aeroflot Open 2016"]
[Site "Moscu RUS"]
[Date "2016.03.09"]
[Round "9.12"]
[White "Vallejo Pons, Francisco"]
[Black "Bluebaum, Matthias"]
[Result "1/2-1/2"]
[WhiteElo "2677"]
[BlackElo "2605"]
[PlyCount "55"]
[EventDate "2016.03.01"]
[EventType "swiss"]
[EventRounds "9"]
[EventCountry "RUS"]
[Source "lmi"]
[SourceDate "2016.03.01"]

1. e4 e6 2. d4 d5 3. Nc3 Nf6 4. Bg5 dxe4 5. Nxe4 Be7 6. Bxf6 Bxf6 7. Nf3 Nd7 8.
Bd3 c5 9. Nxf6+ Nxf6 10. dxc5 Qa5+ 11. Qd2 Qxc5 12. O-O-O Bd7 13. Rhe1 Bc6 14.
Ne5 O-O 15. f4 Rad8 16. g3 Be4 17. Qe3 Qxe3+ 18. Rxe3 Bxd3 19. Rexd3 Rxd3 20.
Rxd3 Rc8 21. c4 h5 22. Kd2 Kf8 23. b4 Ke7 24. Rd4 Rc7 25. Kc3 Ng4 26. Nf3 f6
27. c5 a5 28. a3 1/2-1/2

[Event "Aeroflot Open 2016"]
[Site "Moscu RUS"]
[Date "2016.03.09"]
[Round "9.13"]
[White "Potkin, Vladimir"]
[Black "Artemiev, Vladislav"]
[Result "1/2-1/2"]
[WhiteElo "2585"]
[BlackElo "2674"]
[PlyCount "86"]
[EventDate "2016.03.01"]
[EventType "swiss"]
[EventRounds "9"]
[EventCountry "RUS"]
[Source "lmi"]
[SourceDate "2016.03.01"]

1. e4 c5 2. Nf3 d6 3. d4 cxd4 4. Nxd4 Nf6 5. Nc3 a6 6. h3 e6 7. g4 Nfd7 8. Be3
b5 9. a4 b4 10. Na2 Bb7 11. Bg2 Nc5 12. Nxb4 Nxe4 13. O-O d5 14. c3 Be7 15. f3
Nd6 16. f4 Nc4 17. Bf2 a5 18. Nd3 Nd7 19. Qe2 O-O 20. f5 e5 21. Nb5 e4 22. Nf4
Bg5 23. Bd4 Qb8 24. b3 Bxf4 25. bxc4 dxc4 26. Rab1 Bh2+ 27. Kh1 Be5 28. Qxc4
Nf6 29. Qc5 Nd7 30. Qe7 Qd8 31. Qxd8 Raxd8 32. Rfe1 Bxd4 33. cxd4 Nf6 34. g5
Nh5 35. Kh2 f6 36. Nc7 Bc8 37. Ne6 Bxe6 38. fxe6 Rxd4 39. Bxe4 Rd2+ 40. Kg1 Nf4
41. e7 Nxh3+ 42. Kh1 Nf2+ 43. Kg1 Nh3+ 1/2-1/2

[Event "Aeroflot Open 2016"]
[Site "Moscu RUS"]
[Date "2016.03.09"]
[Round "9.14"]
[White "Moiseenko, Alexander"]
[Black "Wen, Yang"]
[Result "1-0"]
[WhiteElo "2668"]
[BlackElo "2609"]
[PlyCount "117"]
[EventDate "2016.03.01"]
[EventType "swiss"]
[EventRounds "9"]
[EventCountry "RUS"]
[Source "lmi"]
[SourceDate "2016.03.01"]

1. d4 d5 2. c4 c6 3. Nc3 Nf6 4. Nf3 e6 5. Bg5 h6 6. Bxf6 Qxf6 7. e3 Nd7 8. Be2
Bd6 9. O-O dxc4 10. Ne4 Qe7 11. Bxc4 O-O 12. Rc1 b6 13. Qe2 Rd8 14. Rfd1 Bb7
15. Ba6 Bxa6 16. Qxa6 c5 17. Nxd6 Qxd6 18. dxc5 Nxc5 19. Rxd6 Nxa6 20. Rxd8+
Rxd8 21. Kf1 Nc5 22. Ke2 g5 23. Ne5 f6 24. Nc6 Rd7 25. b4 Na4 26. Nd4 Kf7 27.
Rc6 h5 28. Nxe6 Nc3+ 29. Rxc3 Kxe6 30. Rc6+ Ke5 31. f3 h4 32. a3 Kf5 33. Rc4
Ke6 34. Re4+ Kf5 35. Rc4 Ke6 36. Rc6+ Kf5 37. a4 Ke5 38. Rc4 Kf5 39. Rc6 Ke5
40. b5 Kf5 41. g3 hxg3 42. hxg3 Rh7 43. e4+ Ke5 44. Ke3 Rh3 45. g4 Rh7 46. Rc8
Re7 47. Ra8 Rc7 48. Re8+ Kd6 49. Kd4 Rc1 50. Ra8 Rc7 51. Rh8 Ke6 52. Rh6 Rd7+
53. Ke3 Rd1 54. Rh7 a5 55. bxa6 Ra1 56. Rb7 Ra3+ 57. Kd2 Rxa4 58. Rxb6+ Ke5 59.
Kc3 1-0

[Event "Aeroflot Open 2016"]
[Site "Moscu RUS"]
[Date "2016.03.09"]
[Round "9.15"]
[White "Goganov, Aleksey"]
[Black "Safarli, Eltaj"]
[Result "1/2-1/2"]
[WhiteElo "2575"]
[BlackElo "2663"]
[PlyCount "99"]
[EventDate "2016.03.01"]
[EventType "swiss"]
[EventRounds "9"]
[EventCountry "RUS"]
[Source "lmi"]
[SourceDate "2016.03.01"]

1. Nf3 Nf6 2. g3 d5 3. Bg2 e6 4. O-O Be7 5. c4 O-O 6. d4 dxc4 7. Qc2 a6 8. a4
Nc6 9. Qxc4 a5 10. Bf4 Nd5 11. Nc3 Ncb4 12. Nxd5 Nxd5 13. Ne5 c6 14. Bd2 Qb6
15. e4 Nb4 16. h4 f6 17. Ng4 Qa6 18. Qb3 Qd3 19. Qxd3 Nxd3 20. Bc3 e5 21. Ne3
exd4 22. Bxd4 Be6 23. Rfd1 Nc5 24. Nf5 Bxf5 25. Bxc5 Bxc5 26. exf5 Rfd8 27. Kf1
Kf8 28. Bf3 Bd4 29. Ra3 Rd7 30. Rad3 Rad8 31. R3d2 Ke7 32. b3 Rd6 33. Ke2 Ba7
34. h5 Rxd2+ 35. Rxd2 Rxd2+ 36. Kxd2 Kd6 37. g4 Ke5 38. Kd3 Bxf2 39. Bd1 Kf4
40. Be2 Bg1 41. Bd1 Kg3 42. Be2 Kf2 43. Bd1 Bh2 44. Be2 Bd6 45. Bd1 b5 46. Be2
Bb4 47. Bd1 Bc5 48. Be2 Bb6 49. Bd1 Be3 50. Be2 1/2-1/2

[Event "Aeroflot Open 2016"]
[Site "Moscu RUS"]
[Date "2016.03.09"]
[Round "9.16"]
[White "Aravindh, Chithambaram VR"]
[Black "Motylev, Alexander"]
[Result "0-1"]
[WhiteElo "2506"]
[BlackElo "2655"]
[PlyCount "78"]
[EventDate "2016.03.01"]
[EventType "swiss"]
[EventRounds "9"]
[EventCountry "RUS"]
[Source "lmi"]
[SourceDate "2016.03.01"]

1. e4 e5 2. Nf3 Nc6 3. Nc3 Nf6 4. Bb5 Bb4 5. O-O O-O 6. d3 Bxc3 7. bxc3 d6 8.
Bg5 Bd7 9. d4 h6 10. Bh4 Qe7 11. Rb1 Bg4 12. h3 Bxf3 13. Qxf3 g5 14. Bg3 exd4
15. Bxc6 bxc6 16. Rbe1 Rae8 17. e5 Nd5 18. cxd4 f5 19. c4 Nb6 20. Qxc6 f4 21.
Bh2 Qe6 22. d5 Qd7 23. Qxd7 Nxd7 24. e6 Ne5 25. c5 Rf5 26. cxd6 cxd6 27. Rb1
Nd3 28. Rb5 a6 29. Ra5 Rxe6 30. g3 Re2 31. Rxa6 Rxd5 32. a4 f3 33. g4 Nxf2 34.
Rxd6 Nxh3+ 35. Kh1 Nf2+ 36. Kg1 Rxd6 37. Bxd6 Ne4 38. Bc7 Rg2+ 39. Kh1 Nf2+ 0-1

[Event "Aeroflot Open 2016"]
[Site "Moscu RUS"]
[Date "2016.03.09"]
[Round "9.17"]
[White "Grachev, Boris"]
[Black "Timofeev, Artyom"]
[Result "1/2-1/2"]
[WhiteElo "2639"]
[BlackElo "2593"]
[PlyCount "81"]
[EventDate "2016.03.01"]
[EventType "swiss"]
[EventRounds "9"]
[EventCountry "RUS"]
[Source "lmi"]
[SourceDate "2016.03.01"]

1. d4 Nf6 2. Nf3 g6 3. Nbd2 d5 4. b4 Bg7 5. e3 O-O 6. c4 Be6 7. Be2 dxc4 8.
Nxc4 Ne4 9. Bb2 Nd6 10. Nce5 c6 11. O-O a5 12. a3 axb4 13. axb4 Rxa1 14. Qxa1
Nd7 15. Nd3 Bc4 16. Rc1 Bb5 17. Bf1 Nb6 18. Nc5 Bxf1 19. Kxf1 Qa8 20. Bc3 Nbc4
21. Ne5 Qxa1 22. Bxa1 Nb6 23. Bc3 Ra8 24. Ra1 Rxa1+ 25. Bxa1 Nd5 26. Ned3 f5
27. Ke2 Kf7 28. f3 Bh6 29. e4 fxe4 30. fxe4 Ne3 31. Kf3 Nc2 32. Bb2 Nc4 33.
Nxb7 Nxb2 34. Nxb2 Nxd4+ 35. Kf2 Bd2 36. Nd3 Ke8 37. Na5 c5 38. Nxc5 Bxb4 39.
Ncb3 Bxa5 40. Nxa5 Kf7 41. Nc4 1/2-1/2

[Event "Aeroflot Open 2016"]
[Site "Moscu RUS"]
[Date "2016.03.09"]
[Round "9.20"]
[White "Bindrich, Falko"]
[Black "Jobava, Baadur"]
[Result "0-1"]
[WhiteElo "2557"]
[BlackElo "2676"]
[PlyCount "208"]
[EventDate "2016.03.01"]
[EventType "swiss"]
[EventRounds "9"]
[EventCountry "RUS"]
[Source "lmi"]
[SourceDate "2016.03.01"]

1. d4 Nf6 2. c4 c6 3. Nc3 d5 4. e3 g6 5. Nf3 Bg7 6. Be2 O-O 7. O-O b6 8. a4 Ba6
9. cxd5 Nxd5 10. e4 Nb4 11. Be3 Qc8 12. a5 Qb7 13. Ra4 Bxe2 14. Qxe2 N8a6 15.
axb6 axb6 16. h4 b5 17. Raa1 Nc7 18. Rad1 Na2 19. Qc2 Nxc3 20. Qxc3 Rfc8 21.
Qb3 Ne8 22. Rc1 Qd7 23. Ne5 Bxe5 24. dxe5 Qg4 25. Bg5 Qxe4 26. Rfe1 Qg4 27.
Bxe7 Ng7 28. Qb4 Qxb4 29. Bxb4 Ne6 30. Bd6 c5 31. Red1 Ra2 32. Rd2 Ra4 33. Be7
Rc7 34. Bd6 Rd7 35. g3 f6 36. Rdd1 Kf7 37. Kg2 f5 38. Rd5 Rg4 39. Kf1 f4 40.
Rc3 b4 41. Rf3 c4 42. gxf4 Ke8 43. Ra5 Nd4 44. Re3 Rxf4 45. Ra8+ Rd8 46. Rxd8+
Kxd8 47. Bxb4 Kd7 48. Ra3 Rxh4 49. Ra7+ Ke6 50. Rc7 Nf5 51. Bc3 Ne7 52. Kg2 Nd5
53. Rc5 h5 54. f3 g5 55. Rc6+ Kf5 56. Rc5 Nf4+ 57. Kg1 Rh3 58. e6+ Kxe6 59.
Rxg5 Rxf3 60. Rc5 Rg3+ 61. Kf1 Rf3+ 62. Kg1 h4 63. Rxc4 h3 64. Be1 Kf5 65. Rc8
Rd3 66. Kh2 Rd1 67. Re8 Kg4 68. Re3 Rc1 69. Rg3+ Kf5 70. Re3 Rc2+ 71. Kh1 Ng2
72. Re8 Rc1 73. Kh2 Nxe1 74. Kxh3 Nd3 75. Kg3 Ne5 76. Ra8 Ke4 77. Ra4+ Ke3 78.
Ra3+ Nd3 79. Kg4 Rf1 80. Kg5 Rf8 81. b4 Ke4 82. Ra1 Rf5+ 83. Kg6 Ne5+ 84. Kg7
Rf7+ 85. Kg8 Rb7 86. Rf1 Ng4 87. Kf8 Ne5 88. Kg8 Ng6 89. b5 Ke5 90. Re1+ Kf6
91. Rf1+ Ke6 92. b6 Ne7+ 93. Kf8 Rb8+ 94. Kg7 Nf5+ 95. Kg6 Rg8+ 96. Kh7 Rg7+
97. Kh8 Rb7 98. Rc1 Rxb6 99. Ra1 Kf7 100. Ra7+ Kg6 101. Ra8 Rf6 102. Rb8 Ne7
103. Rd8 Kh6 104. Rb8 Rf7 0-1

[Event "Aeroflot Open 2016"]
[Site "Moscu RUS"]
[Date "2016.03.09"]
[Round "9.21"]
[White "Kovalev, Vladislav"]
[Black "Swiercz, Dariusz"]
[Result "1/2-1/2"]
[WhiteElo "2560"]
[BlackElo "2665"]
[PlyCount "54"]
[EventDate "2016.03.01"]
[EventType "swiss"]
[EventRounds "9"]
[EventCountry "RUS"]
[Source "lmi"]
[SourceDate "2016.03.01"]

1. e4 c5 2. Nf3 d6 3. Bb5+ Nd7 4. d4 cxd4 5. Qxd4 a6 6. Bxd7+ Bxd7 7. c4 Nf6 8.
Bg5 e6 9. Nc3 h6 10. Bh4 Be7 11. O-O O-O 12. Rad1 Bc6 13. e5 dxe5 14. Nxe5 Qa5
15. Nxc6 bxc6 16. Ne4 Rfd8 17. Qc3 Qxc3 18. Nxc3 Kf8 19. f3 Nd7 20. Bxe7+ Kxe7
21. Kf2 Nc5 22. Ke3 a5 23. b3 f5 24. Rxd8 Rxd8 25. Rd1 Rxd1 26. Nxd1 e5 27. Kd2
Kd6 1/2-1/2

[Event "Aeroflot Open 2016"]
[Site "Moscu RUS"]
[Date "2016.03.09"]
[Round "9.23"]
[White "Khismatullin, Denis"]
[Black "Van Foreest, Jorden"]
[Result "0-1"]
[WhiteElo "2621"]
[BlackElo "2557"]
[PlyCount "66"]
[EventDate "2016.03.01"]
[EventType "swiss"]
[EventRounds "9"]
[EventCountry "RUS"]
[Source "lmi"]
[SourceDate "2016.03.01"]

1. c4 Nf6 2. d4 g6 3. Nc3 Bg7 4. e4 d6 5. Be2 O-O 6. Bg5 c5 7. d5 e6 8. Nf3
exd5 9. cxd5 h6 10. Be3 b5 11. e5 Ng4 12. Bxb5 Nxe3 13. fxe3 Bg4 14. Qa4 Bxf3
15. gxf3 Bxe5 16. h4 a6 17. Bd3 c4 18. Qxc4 Nd7 19. Be2 Rc8 20. Qd3 Qb6 21. Qd2
Rfe8 22. Kf2 Bf4 23. Nd1 Nf6 24. a4 Re5 25. a5 Qa7 26. Ra3 Nxd5 27. Rd3 Bxe3+
28. Nxe3 Nxe3 29. Rxd6 Nf5+ 30. Rb6 Qc7 31. Bd3 Rd5 32. Rh3 Qc5+ 33. Kg2 Qe3
0-1

[Event "Aeroflot Open 2016"]
[Site "Moscu RUS"]
[Date "2016.03.09"]
[Round "9.24"]
[White "Alekseenko, Kirill"]
[Black "Lu, Shanglei"]
[Result "1/2-1/2"]
[WhiteElo "2554"]
[BlackElo "2620"]
[PlyCount "63"]
[EventDate "2016.03.01"]
[EventType "swiss"]
[EventRounds "9"]
[EventCountry "RUS"]
[Source "lmi"]
[SourceDate "2016.03.01"]

1. e4 c5 2. Nf3 d6 3. d4 cxd4 4. Nxd4 Nf6 5. Nc3 a6 6. Be2 e5 7. Nb3 Be7 8. Be3
Be6 9. Nd5 Nbd7 10. Qd3 O-O 11. O-O Rc8 12. c4 b5 13. cxb5 axb5 14. Bd2 Nc5 15.
Nxc5 dxc5 16. Ba5 Qd6 17. Nxf6+ gxf6 18. Qxd6 Bxd6 19. Bxb5 Ra8 20. Bc3 Rxa2
21. Rxa2 Bxa2 22. Rd1 Be7 23. Kf1 Rd8 24. Ra1 Bb3 25. Ra7 Bf8 26. Ke2 Kg7 27.
Rb7 Kg6 28. Rb6 Be6 29. g3 Bh6 30. Rc6 Rb8 31. Bd3 Bc1 32. Rxc5 1/2-1/2

[Event "Aeroflot Open 2016"]
[Site "Moscu RUS"]
[Date "2016.03.09"]
[Round "9.25"]
[White "Savchenko, Boris"]
[Black "Socko, Bartosz"]
[Result "1/2-1/2"]
[WhiteElo "2610"]
[BlackElo "2587"]
[PlyCount "81"]
[EventDate "2016.03.01"]
[EventType "swiss"]
[EventRounds "9"]
[EventCountry "RUS"]
[Source "lmi"]
[SourceDate "2016.03.01"]

1. e4 e5 2. Nf3 Nc6 3. Bb5 a6 4. Ba4 Nf6 5. O-O Be7 6. Re1 b5 7. Bb3 d6 8. a4
Rb8 9. c3 O-O 10. h3 Na5 11. Bc2 c5 12. axb5 axb5 13. d4 Nd7 14. Nbd2 b4 15. d5
c4 16. cxb4 Rxb4 17. Re3 Nc5 18. Qe1 Qb6 19. Rea3 Nab3 20. Nxb3 Nxb3 21. Be3
Qb5 22. Bxb3 Rxb3 23. Rxb3 cxb3 24. Qc3 f5 25. Ra7 Bf6 26. Bg5 Qb6 27. Rc7 fxe4
28. Bxf6 gxf6 29. Nxe5 e3 30. fxe3 Bxh3 31. Rc6 Qa7 32. Nc4 Qg7 33. Qd2 Kh8 34.
e4 Re8 35. Rxd6 Rg8 36. Ne3 Qe7 37. Rc6 Qxe4 38. Qf2 f5 39. Qd2 f4 40. Qc3+ Rg7
41. Rc8+ 1/2-1/2

[Event "Aeroflot Open 2016"]
[Site "Moscu RUS"]
[Date "2016.03.09"]
[Round "9.26"]
[White "Lei, Tingjie"]
[Black "Korobov, Anton"]
[Result "0-1"]
[WhiteElo "2495"]
[BlackElo "2713"]
[PlyCount "66"]
[EventDate "2016.03.01"]
[EventType "swiss"]
[EventRounds "9"]
[EventCountry "RUS"]
[Source "lmi"]
[SourceDate "2016.03.01"]

1. d4 d5 2. c4 e6 3. Nf3 c6 4. Qc2 dxc4 5. Qxc4 b5 6. Qd3 Bb7 7. g3 a6 8. Bg2
c5 9. a4 c4 10. Qd1 Nd7 11. axb5 axb5 12. Rxa8 Qxa8 13. O-O Ngf6 14. b3 Be7 15.
bxc4 bxc4 16. Bg5 O-O 17. Nc3 h6 18. Bxf6 Nxf6 19. Qc2 Bb4 20. Rb1 Bxc3 21.
Qxc3 Bd5 22. Ne1 Qa2 23. Rb2 Qa7 24. f3 e5 25. Nc2 Be6 26. f4 exd4 27. Qxd4 Qa5
28. Rb6 Rc8 29. e4 c3 30. f5 Bd7 31. Bf3 Ba4 32. e5 Bxc2 33. exf6 Bxf5 0-1

[Event "Aeroflot Open 2016"]
[Site "Moscu RUS"]
[Date "2016.03.09"]
[Round "9.27"]
[White "Bok, Benjamin"]
[Black "Yuffa, Daniil"]
[Result "1-0"]
[WhiteElo "2611"]
[BlackElo "2502"]
[PlyCount "85"]
[EventDate "2016.03.01"]
[EventType "swiss"]
[EventRounds "9"]
[EventCountry "RUS"]
[Source "lmi"]
[SourceDate "2016.03.01"]

1. e4 c6 2. d4 d5 3. e5 Bf5 4. Nf3 e6 5. Be2 c5 6. O-O Nc6 7. c3 cxd4 8. Nxd4
Nge7 9. Nxf5 Nxf5 10. Bd3 g6 11. Re1 Bc5 12. Nd2 h6 13. Qe2 Qc7 14. b4 Bb6 15.
a4 a5 16. b5 Nce7 17. Bb2 Qd7 18. Rac1 Rc8 19. Red1 O-O 20. Nb3 Qc7 21. c4 dxc4
22. Bxc4 Rfd8 23. Bxe6 Rxd1+ 24. Qxd1 Bxf2+ 25. Kh1 Rd8 26. Qe2 Qb6 27. Bc4 Qe3
28. e6 fxe6 29. Bxe6+ Kh7 30. Qxe3 Bxe3 31. Rf1 Rf8 32. Rf3 Rd8 33. Rf1 Rf8 34.
Re1 Bb6 35. Ba3 Rf6 36. Bb2 Rf8 37. Ba3 Rf6 38. g4 Ne3 39. Bxe7 Rxe6 40. Bc5
Bxc5 41. Nxc5 Re7 42. Nxb7 Re4 43. Nc5 1-0